|
|
|
|
| LEADER |
00000nab a2200000 a 4500 |
| 001 |
vtls000001502 |
| 003 |
SK-MaSNL |
| 005 |
20260303021512.0 |
| 008 |
111103c1978 xo 0 slo |
| 015 |
|
|
|a SNBRB19rr/mm-uuuuu
|
| 035 |
|
|
|a CL0011594
|
| 040 |
|
|
|a SNKBUCL
|b slo
|c SNKBUCL
|e AACR2
|
| 041 |
0 |
|
|a slo
|
| 044 |
|
|
|a xo
|c SK
|
| 080 |
|
|
|a 791.4
|2 1981
|
| 100 |
1 |
|
|a Puškáš, Jozef,
|d 1951-
|4 aut
|9 100431
|
| 245 |
1 |
0 |
|a S posolstvom priateľstva a mieru
|b Začína sa XXI. MFF v Karlových Varoch
|c Jozef Puškáš
|
| 650 |
0 |
7 |
|a filmy
|2 snkbucl
|9 3250
|
| 650 |
0 |
7 |
|a festivaly medzinárodné
|2 snkbucl
|9 878621
|
| 651 |
|
7 |
|a 3403
|2 snkbucl
|9 921405
|
| 655 |
|
7 |
|a články z novín a časopisov
|2 snkbucl
|9 267496
|
| 773 |
0 |
|
|t Pravda
|g Roč. 59, č. 151 (29. 6. 1978), s. 1 a 2
|
| 850 |
|
|
|a Slovenská národná knižnica v Martine
|a MTA001
|
| 852 |
|
|
|a SNK
|b KIS3GCP
|
| 958 |
|
|
|a RK
|
| 992 |
|
|
|a RBX
|
| 999 |
|
|
|c 1623621
|d 1625551
|